Statistics for Largest Country by Latitude

Click here to take the quiz!

General Stats

  • This quiz has been taken 55 times
  • The average score is 7 of 8

Answer Stats

HintAnswer% Correct
82°N-83°NCanada
100%
19°N-41°NChina
100%
42°N-81°NRussia
100%
34°S-43°SAustralia
96%
33°S-5°NBrazil
96%
44°S-55°SArgentina
90%
7°N-18°NIndia
88%
6°NColombia
64%

Score Distribution

Percentile by Number Answered

Percent of People with Each Score

Your Score History

You have not taken this quiz